000 02211nam a2200157 i 4500
001 48008
003 ES-MaACL
005 20230906161656.0
007 t|
008 931025m18871889sp ||||1| spa d
245 0 3 _aLa crisis agrícola y pecuaria
_b: información escrita de la Comisión creada... para estudiar la crisis por que atraviesa la agricultura y la ganadería : publicación oficial.
260 _aMadrid :
_b[s.n.],
_c1887-1889 (
_fEstablecimiento Tipográfico Sucesores de Rivadeneyra)
300 _a8 v. ;
_c29 cm.
505 8 _aContiene: T. I. Actas y dictámenes de la Comisión creada por Real Decreto de 7 de julio de 1887 para estudiar la crisis por que atraviesa la agricultura y la ganadería [Primera parte], (1887 - 583 p.) -- t. I. Actas de las sesiones de la Comisión creada por Real Decreto de 7 de julio de 1887 para estudiar la crisis por que atraviesan la agricultura y la ganadería [Segunda parte], (1889 - 526 [+] p.) -- t. II. Información escrita de la Comsisión creada por Real Decreto de 7 de julio de 1887 para estudiar la crisis que atraviesa la agricultura y la ganadería [interrogatorios], (1887 - 628 p.) -- t. III. Información escrita de la Comisión creada por el Real Decreto de 7 de julio de 1887 para estudiar la crisis por que atraviesa la agricultura y la ganaderia [contestaciones a los interrogatorios], (1887 - 704 p.) -- t. IV. Información escrita de la Comisión creada por Real Decreto de 7 de julio de 1887 para estudiar la crisis por que atraviesa la agricultura y la ganadería [contestaciones a los interrogatorios], (1888 - 715 p.) -- t. V. Información escrita de la Comisión creada por Real Decreto de 7 de julio de 1887 para estudiar la crisis por que atraviesa la agricultura y la ganadería [contestaciones a los interrogatorios], (1888 - 848 p.) -- t. VI. Información oral de la Comisión creada por Real Decreto de 7 de julio de 1887 para estudiar la crisis por que atraviesa la agricultura y la ganadería, (1888 - 356 p.) -- t. VII. Datos estadísticos de la Comisión creada por Real Decreto de 7 de julio de 1887 para estudiar la crisis por que atraviesa la agricultura y la ganaderia, (1888 - 597 p.)
852 _aES-MaACL
_jC-11200-7
999 _c48008
_d48008